000 00326nam a22001337a 4500
020 _a978-81-291-3737-1
082 _a823
_bBON/M
100 _aBOND, RUSKIN
245 _aMONKEY TROUBLE AND OTHER GRANDFATHER STORIES
260 _aDELHI
_bRED TURTLE
_c2016
300 _a70
650 _aCHILDRENS STORY BOOK
_zINDIA
942 _cBK
999 _c2782
_d2782